Erfolgreichste Filme der 70er nach Haupthelden - Statistiken

Allgemein
  • Dieses Quiz wurde 53 mal gespielt
  • Das Durchschnittsergebnis liegt bei 9 aus 20
Antwortstatistiken
Bildquiz Hint Antwort % Korrekt
Roger Carel Asterix erobert Rom
98%
Roger Moore James Bond
98%
Mark Hamill Krieg der Sterne
93%
Brian Bedford Robin Hood
93%
Eva Gabor Aristocats
76%
Eva Gabor, Bob Newhart Bernard und Bianca – Die Mäusepolizei
63%
Olivia Newton-John, John Travolta Grease
56%
Roy Scheider Der weiße Hai
51%
Terence Hill, Bud Spencer Vier Fäuste für ein Halleluja / Die rechte und die linke Hand des Teufels
37%
Steve McQueen Papillon
34%
Terence Hill Mein Name ist Nobody
32%
Terence Hill, Bud Spencer Das Krokodil und sein Nilpferd
29%
Jack Nicholson Einer flog über das Kuckucksnest
27%
Robert Redford, Paul Newman Der Clou
20%
Terence Hill, Bud Spencer Zwei Himmelhunde auf dem Weg zur Hölle
20%
Jason Miller Der Exorzist
10%
Bud Spencer, Terence Hill Zwei sind nicht zu bremsen
10%
Marlon Brando, Maria Schneider Der letzte Tango in Paris
7%
Bud Spencer, Terence Hill Zwei außer Rand und Band
5%
Louis de Funès Louis' unheimliche Begegnung mit den Außerirdischen
0%
Keine übereinstimmenden Quizze gefunden
Verteilung der Resultate
Anzahl Personen mit jedem Resultat
Perzentil nach korrekt beantworteten Fragen
Ihre Resultats-Entwicklung
Sie haben dieses Quiz noch nicht gespielt